000 00441nam a2200145Ia 4500
008 231129s2007||||xx |||||||||||||| ||spa||
020 _a978-958-96488-1-0
040 _bspa
082 _a355.009861 S237h
100 _aSantos Pico Manuel José
245 0 _aHistoria militar del ejército de Colombia
260 _c2007
264 _aDepartamento E-3 Centro de Estudios del Ejército
942 _2ddc
_cBKS
999 _c15308
_d15308